Österreichische Städte an der Donau - Statistiken

Allgemein
  • Dieses Quiz wurde 97 mal gespielt
  • Das Durchschnittsergebnis liegt bei 8 aus 20
Antwortstatistiken
BL Einwohner Gemeinde % Korrekt
WN 1.897.491 Wien
100%
205.726 Linz
99%
24.876 Krems an der Donau
78%
16.144 Tulln an der Donau
61%
27.368 Klosterneuburg
54%
6.725 Hainburg an der Donau
47%
13.245 Korneuburg
47%
18.564 Schwechat
45%
28.795 Leonding
42%
17.010 Stockerau
40%
12.035 Enns
39%
5.637 Ybbs an der Donau
35%
5.646 Fischamend
19%
11.427 Groß-Enzersdorf
18%
7.845 St. Andrä-Wördern
17%
6.204 Traismauer
16%
6.690 Asten
13%
8.106 Langenzersdorf
11%
6.087 Alkoven
10%
5.948 Wilhering
8%
Keine übereinstimmenden Quizze gefunden
Verteilung der Resultate
Anzahl Personen mit jedem Resultat
Perzentil nach korrekt beantworteten Fragen
Ihre Resultats-Entwicklung
Sie haben dieses Quiz noch nicht gespielt